000 00534nam a22002177a 4500
999 _c458734
_d458734
001 5150503
003 UA-OsUOA
005 20200407092316.0
008 200407b un ||||| |||| 00| 0 ukr d
040 _aUA-OsUOA
_bukr
_cUA-OsUOA
_dUA-OsUOA
041 _aukr
080 _a821.161.2
090 _a821.161.2
_bМ34
100 _aМатіїв В
245 _aЗблиски Ватри
_bпоезії
_cВолодимир Матіїв
300 _a91 с.
650 _2821
650 _2821
942 _2udc
_cBK
955 _a3